[Event "Rajkot RCPA op 2nd"]
[Site "Rajkot"]
[Date "2019.08.16"]
[Round "6"]
[White "Ziatdinov, Raset"]
[Black "Prince, Chirag Gandhi"]
[Result "1-0"]
[WhiteElo "2228"]
[BlackElo "1170"]
[PlyCount "59"]
[EventDate "2019.08.13"]
[EventType "swiss"]
[EventRounds "10"]
[EventCountry "IND"]
[SourceTitle "EXT 2021"]
[Source "ChessBase"]
[SourceDate "2020.10.23"]
[SourceVersion "1"]
[SourceVersionDate "2020.10.23"]
[SourceQuality "1"]

1. e4 c5 2. Nc3 Nc6 3. f4 e6 4. Nf3 d5 5. e5 Nge7 6. g3 g6 7. Bg2 Bg7 8. d3 0-0 9. h4 h5 10. Ng5 f6 11. exf6 Bxf6 12. g4 e5 13. gxh5 exf4 14. hxg6 Bxc3+ 15. bxc3 f3 16. Bxf3 Nxg6 17. Qd2 Nce5 18. Qg2 Nxf3+ 19. Nxf3 Kh7 20. h5 Qe7+ 21. Kd1 Nh8 22. Ng5+ Kg8 23. Ne6+ Kh7 24. Nxf8+ Qxf8 25. Be3 Be6 26. Kd2 Rd8 27. Raf1 Qd6 28. Rf6 Bh3 29. Qg5 Nf7 30. Rxf7+ 1-0